000 01025cam a2200325 i 4500
001 3505933
003 EG-ScBUE
005 20241017091131.0
008 950616t1996 gw f b 001 0 eng d
020 _a3540570608
020 _a0387570608
040 _aDLC
_beng
_erda
_cDLC
_dDLC
_dEG-ScBUE
082 0 4 _a515.73
_222
_bADA
100 1 _aAdams, David R.,
_d1941-
_eauthor.
245 1 0 _aFunction spaces and potential theory /
_cDavid R. Adams, Lars Inge Hedberg.
264 1 _aBerlin ;
_aNew York :
_bSpringer,
_c[1996]
264 4 _cc1996
300 _axi, 366 pages ;
_c25 cm.
336 _2rdacontent
_atext
_btxt
337 _aunmediated
_2rdamedia
_bn
338 _avolume
_bnc
_2rdacarrier
490 0 _aGrundlehren der mathematischen Wissenschaften ;
_v314
504 _aIncludes bibliographical references and index.
650 7 _aFunction spaces.
_2BUEsh
_912306
651 _2BUEsh
653 _bGGEN
_cMay2018
655 _vReading book
700 1 _aHedberg, Lars Inge,
_d1935-
_eauthor.
942 _2ddc
_cBB
999 _c26715
_d26687